Wird geladen...

Hitler: a study in tyranny

Bibliographische Detailangaben
1. Verfasser: Bullock, Alan
Format: Printed Book
Sprache:English
Veröffentlicht: London, Penguin Books 1952
Schlagworte:
LEADER 005820000a22002170004500
015 |a M 
020 |a 0-14-013564-2 
041 |a eng 
082 |a 923.1 HITJ2 
100 |a Bullock, Alan 
245 |a Hitler: a study in tyranny 
260 |a London, Penguin Books 
260 |c 1952 
650 |a Armed Forces 
650 |a Germany 
650 |a Hitler 
650 |a Military Science 
650 |a World WarII 
942 |c BK 
999 |c 137066  |d 137062 
952 |0 0  |1 0  |4 0  |6 923_100000000000000_HITJ2  |7 0  |9 135848  |a SIRP  |b SIRP  |d 2017-10-05  |l 0  |o 923.1 HITJ2  |p SIRP02703  |r 2017-10-05  |w 2017-10-05  |y BK